000 00628cam a2200145 4500500
005 20260208010540.0
041 _afre
042 _adc
100 1 0 _aGabaude, Jean-Marc
_eauthor
245 0 0 _aEvanghélos Moutsopoulos, Structure, présence et fonctions du kairos chez Proclus, Académie d’Athènes, Centre de recherche sur la philosophie grecque, 2003, 196 p.
260 _c2005.
500 _a34
786 0 _nRevue philosophique de la France et de l'étranger | 130 | 1 | 2005-03-01 | p. 77zn-130zn | 0035-3833
856 4 1 _uhttps://shs.cairn.info/revue-philosophique-2005-1-page-77zn?lang=fr&redirect-ssocas=7080
999 _c1657078
_d1657078